Laws on Equity and Trust in Bangladesh : (Record no. 7005)
[ view plain ]
| 000 -LEADER | |
|---|---|
| fixed length control field | 00592nam a22002057a 4500 |
| 003 - CONTROL NUMBER IDENTIFIER | |
| control field | BUBTL |
| 008 - FIXED-LENGTH DATA ELEMENTS--GENERAL INFORMATION | |
| fixed length control field | 230327b ||||| |||| 00| 0 eng d |
| 020 ## - INTERNATIONAL STANDARD BOOK NUMBER | |
| International Standard Book Number | 9789849067252 |
| 082 ## - DEWEY DECIMAL CLASSIFICATION NUMBER | |
| Classification number | 346.0045492/ H139l/ 2015 |
| 100 ## - MAIN ENTRY--PERSONAL NAME | |
| 9 (RLIN) | 3017 |
| Personal name | Halim, Md. Abdul |
| 245 ## - TITLE STATEMENT | |
| Title | Laws on Equity and Trust in Bangladesh : |
| Remainder of title | Md. Abdul Halim |
| 250 ## - EDITION STATEMENT | |
| Edition statement | 2nd edn. |
| 260 ## - PUBLICATION, DISTRIBUTION, ETC. (IMPRINT) | |
| Place of publication, distribution, etc. | Dhaka |
| Name of publisher, distributor, etc. | CCB Fundation |
| Date of publication, distribution, etc. | c2015 |
| 300 ## - PHYSICAL DESCRIPTION | |
| Extent | 254p. : |
| Other physical details | 21 cm. |
| 650 #0 - SUBJECT ADDED ENTRY--TOPICAL TERM | |
| 9 (RLIN) | 2102 |
| Topical term or geographic name as entry element | Law |
| 700 ## - ADDED ENTRY--PERSONAL NAME | |
| 9 (RLIN) | 4157 |
| Personal name | Md . Abdul Halim |
| 856 ## - ELECTRONIC LOCATION AND ACCESS | |
| Password | 0 |
| Logon | 0 |
| Link text | Download |
| 942 ## - ADDED ENTRY ELEMENTS (KOHA) | |
| Source of classification or shelving scheme | |
| Koha item type | Books |
| Withdrawn status | Lost status | Source of classification or shelving scheme | Damaged status | Not for loan | Collection code | Permanent location | Current location | Shelving location | Date acquired | Source of acquisition | Inventory number | Total Checkouts | Full call number | Barcode | Date last seen | Date last checked out | Copy number | Price effective from | Koha item type |
|---|---|---|---|---|---|---|---|---|---|---|---|---|---|---|---|---|---|---|---|
| Non-fiction | Bangladesh University of Business and Technology Library | Bangladesh University of Business and Technology Library | Law Stacks | 03/22/2016 | Purchase | 22029 | 5 | 346.0045492/ H139l/ 2015 | BUBTL-200322029 | 06/05/2024 | 05/29/2024 | C-1 | 03/27/2023 | Books | |||||
| Non-fiction | Bangladesh University of Business and Technology Library | Bangladesh University of Business and Technology Library | Law Stacks | 03/22/2016 | Purchase | 22030 | 346.0045492/ H139l/ 2015 | BUBTL-200322030 | 03/27/2023 | C-2 | 03/27/2023 | Books | |||||||
| Non-fiction | Bangladesh University of Business and Technology Library | Bangladesh University of Business and Technology Library | Law Stacks | 03/22/2016 | Purchase | 22031 | 6 | 346.0045492/ H139l/ 2015 | BUBTL-200322031 | 07/08/2024 | 06/04/2024 | C-3 | 03/27/2023 | Books |
